000 00511nam a2200193Ia 4500
999 _c35238
_d35238
003 0100
005 20180214085247.0
008 130303s9999 xx 000 0 und d
040 _cARRUPELIB
050 _aDT650.S6 1969
100 _aSousberghe, Leon De
_939130
245 _aUnions consecutives entre apparentes:
_bune comparaison de systemes du Bas-Congo et de la region des Grands-lacs
260 _aParis
_bDesclee de Brouwer
_c1969
300 _a129p.
300 _b 23 cm.
650 _aHISTORY
_98438
650 _aMarriage customs and rites
_zRwanda
_zBurundi
_939131
650 _aMarriage customs and rites
_zBas-Congo (District)
_939132
942 _2lcc
_cMONOGRAPH